000 00401 a2200109 4500
001 ART_28159
005 20260410161951.0
008 260409a
245 1 0 _aMutuo hipotecario contraído en moneda extranjera no puede ser cancelado en pesos (cotización oficial)
100 1 _aPerciavalle, Marcelo L.
773 0 _tTemas de derecho comercial
_g- Año 1, Nº 2 (feb. 2015)
_wREV28151
999 _c30398
_d30398